[Event "Montevideo Duchamp Cup 7th"]
[Site "Montevideo"]
[Date "2024.02.09"]
[Round "9"]
[White "Avedisian, Alexander"]
[Black "Solari, Pablo"]
[Result "1/2-1/2"]
[WhiteElo "1866"]
[BlackElo "1692"]
[PlyCount "65"]
[EventDate "2024.02.01"]
[EventType "swiss"]
[EventRounds "9"]
[EventCountry "URU"]
[SourceTitle "EXT 2025"]
[Source "ChessBase"]
[SourceDate "2024.10.14"]
[SourceVersion "1"]
[SourceVersionDate "2024.10.14"]
[SourceQuality "1"]

1. Nf3 b6 2. g3 Bb7 3. Bg2 Nf6 4. 0-0 e6 5. d3 c5 6. Nbd2 Nc6 7. e4 Be7 8. e5 Nd5 9. a3 d6 10. exd6 Bxd6 11. Ne4 Be7 12. Re1 h6 13. c4 Nf6 14. Qe2 Qc8 15. Bf4 Nxe4 16. dxe4 Bf6 17. e5 Be7 18. h4 Qc7 19. Rad1 Rd8 20. h5 Rd7 21. Nd2 Nd4 22. Qg4 Bf8 23. Ne4 Bxe4 24. Bxe4 Kd8 25. Bg2 Kc8 26. Be3 Qd8 27. Qe4 Qc7 28. b4 Be7 29. Bxd4 Rhd8 30. Qa8+ Qb8 31. Qc6+ Qc7 32. Qa8+ Qb8 33. Qc6+ 1/2-1/2

[Event "Montevideo Duchamp Cup 7th"]
[Site "Montevideo"]
[Date "2024.02.02"]
[Round "2"]
[White "Mott, Juan"]
[Black "Solari, Pablo"]
[Result "0-1"]
[WhiteElo "1334"]
[BlackElo "1692"]
[PlyCount "56"]
[EventDate "2024.02.01"]
[EventType "swiss"]
[EventRounds "9"]
[EventCountry "URU"]
[SourceTitle "CBM 218 Extra"]
[Source "ChessBase"]
[SourceDate "2024.03.31"]
[SourceVersion "1"]
[SourceVersionDate "2024.03.31"]
[SourceQuality "1"]

1. e4 e5 2. Nf3 Nf6 3. Bc4 Bc5 4. d4 Bb6 5. Nxe5 0-0 6. 0-0 d6 7. Nf3 Nxe4 8. c3 d5 9. Bd3 Bg4 10. Bf4 c5 11. Na3 cxd4 12. c4 Nc6 13. cxd5 Qxd5 14. Nc4 Bc5 15. a3 a5 16. Re1 Rfe8 17. Ncd2 Nxd2 18. Rxe8+ Rxe8 19. Bxd2 Ne5 20. Be2 d3 21. Be3 Bxe3 22. fxe3 Qe4 23. Bf1 Qxe3+ 24. Kh1 Bxf3 25. gxf3 d2 26. Be2 Nd3 27. Bxd3 Qxd3 28. Kg2 Re2+ 0-1

[Event "URU-ch sf"]
[Site "Montevideo"]
[Date "2019.03.01"]
[Round "1"]
[White "Solari, Pablo"]
[Black "Arcos Facio, Mateo"]
[Result "0-1"]
[WhiteElo "1684"]
[BlackElo "2093"]
[PlyCount "86"]
[EventDate "2019.03.01"]
[EventType "swiss"]
[EventRounds "8"]
[EventCountry "URU"]
[SourceTitle "CBM 189 Extra"]
[Source "ChessBase"]
[SourceDate "2019.05.31"]
[SourceVersion "1"]
[SourceVersionDate "2019.05.31"]
[SourceQuality "1"]

1. e4 d6 2. d4 g6 3. Nf3 Bg7 4. Bb5+ Nd7 5. 0-0 a6 6. Bd3 e6 7. c4 c5 8. d5 e5 9. Nc3 Ne7 10. Bg5 h6 11. Bd2 0-0 12. Qc1 Kh7 13. a4 f5 14. Qc2 f4 15. g3 Nf6 16. Kg2 Bg4 17. Be2 Qd7 18. Ng1 Bxe2 19. Ncxe2 f3+ 20. Nxf3 Qg4 21. h3 Qxe4 22. Qxe4 Nxe4 23. Nc3 Nxc3 24. Bxc3 b5 25. axb5 axb5 26. cxb5 Nxd5 27. Ra6 Rxa6 28. bxa6 Ra8 29. Ra1 e4 30. Ng1 Bxc3 31. bxc3 Nxc3 32. Ra3 Nd5 33. a7 Ne7 34. Ra6 Nc8 35. Rc6 Kg7 36. Ne2 Kf6 37. Nc3 Ke6 38. Nb5 Kd5 39. Rxc8 Rxc8 40. Nc7+ Kc6 41. a8Q+ Rxa8 42. Nxa8 c4 43. Kf1 Kb7 0-1

[Event "American Continental 14th"]
[Site "Montevideo"]
[Date "2018.06.07"]
[Round "8"]
[White "Zaruski, Julio"]
[Black "Solari, Pablo"]
[Result "1/2-1/2"]
[WhiteElo "1862"]
[BlackElo "1678"]
[PlyCount "135"]
[EventDate "2018.06.01"]
[EventType "swiss"]
[EventRounds "11"]
[EventCountry "URU"]
[SourceTitle "CBM 184 Extra"]
[Source "ChessBase"]
[SourceDate "2018.06.28"]
[SourceVersion "1"]
[SourceVersionDate "2018.06.28"]
[SourceQuality "1"]

1. e4 e6 2. d4 d5 3. exd5 exd5 4. Bd3 Bd6 5. Nf3 Nf6 6. Nc3 Bg4 7. h3 Bh5 8. Qe2+ Qe7 9. Qxe7+ Bxe7 10. g4 Bg6 11. g5 Nh5 12. Nxd5 Bd6 13. Ne5 Bxd3 14. Nxd3 Nc6 15. c3 0-0-0 16. Ne3 Rhe8 17. Bd2 Nf4 18. Nxf4 Bxf4 19. h4 h5 20. 0-0-0 Bxe3 21. Bxe3 Rd5 22. Bf4 Kd7 23. Rhe1 Rxe1 24. Rxe1 Nd8 25. Be5 Ne6 26. b4 b5 27. Kc2 g6 28. a4 a6 29. axb5 axb5 30. Kd3 Kc6 31. Ke4 Rd8 32. Ra1 Kb6 33. d5 Nf8 34. Bd4+ Kb7 35. Ra7+ Kb8 36. Ra5 Re8+ 37. Kd3 Re1 38. Rxb5+ Kc8 39. Ra5 Kb7 40. f3 Rh1 41. Bf2 Rf1 42. Ke2 Rc1 43. Rb5+ Kc8 44. Rc5 Nd7 45. Rc4 Rc2+ 46. Ke3 Ne5 47. Re4 Rxc3+ 48. Kd4 Rxf3 49. Kxe5 Rf5+ 50. Kd4 Rxf2 51. Ke3 Rf5 52. Rf4 Rxd5 53. Rxf7 Rb5 54. Rf4 Kb7 55. Kd3 Kc6 56. Kc4 Rb6 57. b5+ Kd6 58. Rd4+ Ke5 59. Rd5+ Ke6 60. Rc5 Kd6 61. Kd4 Rb8 62. Rc6+ Kd7 63. Kc5 Rf8 64. Rxg6 Rf5+ 65. Kc4 Rf4+ 66. Kd5 Rf5+ 67. Kc4 Rf4+ 68. Kd5 1/2-1/2

[Event "Montevideo Duchamp Cup 1st"]
[Site "Montevideo"]
[Date "2017.02.11"]
[Round "3"]
[White "Rueda Nessi, Juana"]
[Black "Solari, Pablo"]
[Result "1-0"]
[WhiteElo "1598"]
[BlackElo "1689"]
[PlyCount "63"]
[EventDate "2017.02.09"]
[EventType "swiss"]
[EventRounds "9"]
[EventCountry "URU"]
[SourceTitle "CBM 176 Extra"]
[Source "ChessBase"]
[SourceDate "2017.03.02"]
[SourceVersion "1"]
[SourceVersionDate "2017.03.02"]
[SourceQuality "1"]

1. e4 e6 2. Nf3 c5 3. Nc3 d5 4. exd5 exd5 5. Bb5+ Nc6 6. 0-0 Nf6 7. Ne5 Qc7 8. Re1 Be6 9. d4 Bd6 10. Nf3 0-0 11. h3 a6 12. Bxc6 bxc6 13. Bg5 Kh8 14. Qd2 Rae8 15. Bxf6 gxf6 16. Qh6 Qd8 17. Kh1 Rg8 18. Rad1 Rg6 19. Qe3 c4 20. Re2 Reg8 21. Nh4 Rg5 22. f4 Rg3 23. Nf3 Bxh3 24. gxh3 Rxh3+ 25. Rh2 Qd7 26. Rg1 Rxg1+ 27. Kxg1 Rg3+ 28. Kf2 Qg4 29. Ne2 c5 30. Nxg3 Bxf4 31. Qe8+ Kg7 32. Nh5+ 1-0

[Event "URU-chT Interclubes Serie B"]
[Site "Montevideo"]
[Date "2016.09.24"]
[Round "2.52"]
[White "De San Vicente, Sabrina"]
[Black "Solari, Pablo"]
[Result "1/2-1/2"]
[WhiteElo "1670"]
[BlackElo "1696"]
[PlyCount "55"]
[EventDate "2016.09.23"]
[EventType "swiss"]
[EventRounds "5"]
[EventCountry "URU"]
[SourceTitle "EXT 2024"]
[Source "ChessBase"]
[SourceDate "2023.10.10"]
[SourceVersion "1"]
[SourceVersionDate "2023.10.10"]
[SourceQuality "1"]

1. d4 f5 2. g3 Nf6 3. Bg2 g6 4. Nf3 Bg7 5. 0-0 0-0 6. c4 d6 7. Nc3 Nbd7 8. Qc2 c5 9. d5 a6 10. a4 Rb8 11. Rb1 Nb6 12. b3 Bd7 13. Bb2 Qc7 14. Rfe1 Rbe8 15. Rbd1 Nc8 16. Nd2 b5 17. axb5 axb5 18. Nxb5 Bxb5 19. cxb5 Na7 20. e4 fxe4 21. Nxe4 Nxb5 22. Bh3 Qb8 23. Ng5 Nc7 24. Be6+ Nxe6 25. Nxe6 Rf7 26. Ng5 Rff8 27. Ne6 Rf7 28. Ng5 1/2-1/2

[Event "URU-ch sf"]
[Site "Montevideo"]
[Date "2014.03.04"]
[Round "8"]
[White "Solari, Pablo"]
[Black "Ibanez Iglesias, Juan Rodrigo"]
[Result "0-1"]
[WhiteElo "1757"]
[BlackElo "2006"]
[PlyCount "126"]
[EventDate "2014.02.28"]
[EventType "swiss"]
[EventRounds "9"]
[EventCountry "URU"]
[SourceTitle "CBM 159 Extra"]
[Source "ChessBase"]
[SourceDate "2014.04.24"]
[SourceVersion "1"]
[SourceVersionDate "2014.04.24"]
[SourceQuality "1"]

1. d4 d5 2. Nf3 Nf6 3. Bg5 e6 4. e3 Be7 5. Be2 0-0 6. 0-0 b6 7. Nbd2 Bb7 8. Ne5 Nbd7 9. Ndf3 c5 10. dxc5 Nxc5 11. c4 Nce4 12. cxd5 Nxg5 13. Nxg5 exd5 14. Bf3 Bd6 15. Nexf7 Rxf7 16. Nxf7 Kxf7 17. Qb3 Kg8 18. Rfd1 Kh8 19. Rd2 Qe7 20. Rad1 Rf8 21. Qa4 Bb8 22. Qh4 Re8 23. Bh5 Nxh5 24. Qxh5 Qe5 25. Qxe5 Rxe5 26. Rd4 Re8 27. e4 Be5 28. Ra4 d4 29. f3 a5 30. Rc4 h6 31. a3 Ba6 32. Rc6 Be2 33. Rd2 d3 34. Kf2 Rd8 35. b3 Bd6 36. Rxe2 dxe2 37. a4 Bxh2 38. Kxe2 Rd6 39. Rc4 Bf4 40. b4 Rd2+ 41. Kf1 Bg3 42. bxa5 bxa5 43. Rc5 Rf2+ 44. Kg1 Ra2 45. Kf1 Rxa4 46. e5 Ra1+ 47. Ke2 Re1+ 48. Kd3 Rxe5 49. Rc4 Kh7 50. Ra4 Be1 51. f4 Re7 52. g4 Bb4 53. Ra2 Re1 54. Rh2 Bd6 55. Rh5 a4 56. Ra5 a3 57. g5 h5 58. f5 h4 59. f6 gxf6 60. gxf6 Kg6 61. Ra6 h3 62. f7 Kxf7 63. Ra7+ Ke6 0-1

[Event "URU-ch sf"]
[Site "Montevideo"]
[Date "2014.03.02"]
[Round "5"]
[White "Vaz Lacuesta, Leonardo"]
[Black "Solari, Pablo"]
[Result "1-0"]
[WhiteElo "2048"]
[BlackElo "1757"]
[PlyCount "55"]
[EventDate "2014.02.28"]
[EventType "swiss"]
[EventRounds "9"]
[EventCountry "URU"]
[SourceTitle "CBM 159 Extra"]
[Source "ChessBase"]
[SourceDate "2014.04.24"]
[SourceVersion "1"]
[SourceVersionDate "2014.04.24"]
[SourceQuality "1"]

1. e4 e6 2. d4 d5 3. e5 c5 4. c3 Nc6 5. Nf3 Qb6 6. Bd3 cxd4 7. cxd4 Bd7 8. Bc2 Bb4+ 9. Nc3 Bxc3+ 10. bxc3 Na5 11. 0-0 Nc4 12. Nd2 Bb5 13. Re1 Ne7 14. a4 Nxd2 15. Qxd2 Bc4 16. Ba3 Qc7 17. Rab1 0-0 18. Re3 Rfe8 19. h4 Nf5 20. Rh3 h5 21. Qg5 g6 22. Bxf5 exf5 23. Rg3 Kh7 24. Bc1 Rh8 25. e6 Rae8 26. exf7 Re1+ 27. Kh2 Qxf7 28. Rxb7 1-0

[Event "Montevideo Verano Serie B"]
[Site "Montevideo"]
[Date "2014.01.23"]
[Round "7.3"]
[White "Solari, Pablo"]
[Black "Milans, Carlos"]
[Result "1/2-1/2"]
[WhiteElo "1701"]
[BlackElo "1983"]
[PlyCount "124"]
[EventDate "2014.01.09"]
[EventType "tourn"]
[EventRounds "7"]
[EventCountry "URU"]
[SourceTitle "EXT 2024"]
[Source "ChessBase"]
[SourceDate "2023.10.10"]
[SourceVersion "1"]
[SourceVersionDate "2023.10.10"]
[SourceQuality "1"]

1. d4 e6 2. e4 d5 3. Nc3 Nf6 4. e5 Nfd7 5. Bd3 c5 6. Bb5 a6 7. Bxd7+ Nxd7 8. Nf3 b5 9. Be3 Qb6 10. 0-0 Be7 11. a4 Rb8 12. axb5 axb5 13. Ne2 0-0 14. Qd2 f6 15. Qa5 fxe5 16. dxc5 Bxc5 17. Qxb6 Bxb6 18. Bxb6 Rxb6 19. b4 e4 20. Nfd4 Ne5 21. Ra5 Bd7 22. Rfa1 Nc6 23. Nxc6 Bxc6 24. Nd4 Bd7 25. Ra8 e5 26. Rxf8+ Kxf8 27. Nb3 Bf5 28. Nc5 d4 29. h3 h5 30. Re1 d3 31. cxd3 exd3 32. Rxe5 g6 33. Rd5 Rc6 34. Nxd3 Rc4 35. Ne5 Rxb4 36. Nc6 Rb1+ 37. Kh2 b4 38. Rb5 b3 39. Nd4 Bc2 40. Rb7 Rb2 41. Kg3 Rb1 42. Kf4 Rf1 43. Ke3 Re1+ 44. Kd2 Rd1+ 45. Kc3 Rd3+ 46. Kc4 Rd2 47. g4 Rxf2 48. gxh5 gxh5 49. Nxb3 Rh2 50. Nd4 Be4 51. Ne6+ Kg8 52. Rg7+ Kh8 53. Rg3 Bf5 54. Nf4 h4 55. Rg5 Bxh3 56. Kd4 Bf1 57. Rg4 h3 58. Ke3 Ra2 59. Rh4+ Kg7 60. Nxh3 Bxh3 61. Kf4 Ra3 62. Ke5 Kg6 1/2-1/2

[Event "Montevideo Verano Serie B"]
[Site "Montevideo"]
[Date "2014.01.16"]
[Round "5.4"]
[White "Solari, Pablo"]
[Black "Avedisian, Alexander"]
[Result "1-0"]
[WhiteElo "1701"]
[BlackElo "1839"]
[PlyCount "81"]
[EventDate "2014.01.09"]
[EventType "tourn"]
[EventRounds "7"]
[EventCountry "URU"]
[SourceTitle "EXT 2024"]
[Source "ChessBase"]
[SourceDate "2023.10.10"]
[SourceVersion "1"]
[SourceVersionDate "2023.10.10"]
[SourceQuality "1"]

1. d4 Nf6 2. Nf3 g6 3. Bg5 Bg7 4. Nc3 0-0 5. e4 d6 6. Qd2 Nc6 7. 0-0-0 Bg4 8. Be2 Bxf3 9. gxf3 a6 10. Bh6 e5 11. Bxg7 Kxg7 12. dxe5 dxe5 13. Qg5 Qe7 14. h4 h5 15. Rhg1 Nd4 16. Rde1 Nxe2+ 17. Nxe2 Kh7 18. f4 Ng8 19. fxe5 Qxg5+ 20. Rxg5 Nh6 21. f3 Rfe8 22. Reg1 Re7 23. Nf4 Rg8 24. Nd5 Rge8 25. Nf6+ Kh8 26. Nxe8 Rxe8 27. Rd1 Re7 28. Rd8+ Kg7 29. a4 f5 30. exf6+ Kxf6 31. Rf8+ Nf7 32. Rd5 Kg7 33. Rb8 Ne5 34. Rxe5 Rxe5 35. Rxb7 Rc5 36. Kd2 Kf6 37. f4 a5 38. Kd3 Rc6 39. b4 Rd6+ 40. Ke3 axb4 41. e5+ 1-0

[Event "Montevideo Metropolitano Stage 2"]
[Site "Montevideo"]
[Date "2013.08.25"]
[Round "4"]
[White "Solari, Pablo"]
[Black "Fernandez Rodriguez, Antonio"]
[Result "0-1"]
[WhiteElo "1712"]
[BlackElo "1853"]
[PlyCount "86"]
[EventDate "2013.08.23"]
[EventType "swiss"]
[EventRounds "5"]
[EventCountry "URU"]
[SourceTitle "EXT 2022"]
[Source "ChessBase"]
[SourceDate "2021.10.06"]
[SourceVersion "1"]
[SourceVersionDate "2021.10.06"]
[SourceQuality "1"]

1. d4 Nf6 2. c4 g6 3. Nc3 Bg7 4. Nf3 d6 5. e4 0-0 6. Be2 e5 7. dxe5 dxe5 8. Bg5 h6 9. Bh4 Nbd7 10. h3 c6 11. Qc2 Qc7 12. Bg3 Re8 13. 0-0 a5 14. a3 Nf8 15. Rfd1 g5 16. Bxe5 Rxe5 17. Nxe5 Qxe5 18. Rd8 Kh7 19. Rd2 Ng6 20. Qd3 Nf4 21. Qg3 g4 22. hxg4 Bxg4 23. Qe3 Nxe2+ 24. Nxe2 Qxe4 25. Ng3 Qxe3 26. fxe3 Re8 27. Re1 Ne4 28. Nxe4 Rxe4 29. Rf2 Be6 30. Rf4 Rxf4 31. exf4 Bd4+ 32. Kh2 Bxc4 33. Re4 c5 34. b4 Bd5 35. Re7 Bf6 36. Rd7 Bc6 37. Rxf7+ Kg6 38. Rc7 cxb4 39. axb4 axb4 40. Rc8 b3 41. Rg8+ Kf5 42. Rg3 b2 43. Rb3 Be4 0-1

[Event "Montevideo zt 2.5"]
[Site "Montevideo"]
[Date "2013.04.20"]
[Round "2"]
[White "Solari, Pablo"]
[Black "Bustelo, Tabare"]
[Result "0-1"]
[WhiteElo "1703"]
[BlackElo "2079"]
[PlyCount "104"]
[EventDate "2013.04.19"]
[EventType "swiss"]
[EventRounds "9"]
[EventCountry "URU"]
[SourceTitle "CBM 154 Extra"]
[Source "ChessBase"]
[SourceDate "2013.06.25"]
[SourceVersion "2"]
[SourceVersionDate "2013.06.25"]
[SourceQuality "1"]

1. c4 e5 2. Nc3 f5 3. g3 Nf6 4. Bg2 g6 5. d3 Bg7 6. Nf3 d6 7. Qc2 c6 8. e4 0-0 9. 0-0 Na6 10. a3 Kh8 11. Bg5 Be6 12. Nh4 Qe8 13. Qd2 Nc5 14. Rae1 fxe4 15. Nxe4 Ncxe4 16. Bxe4 Nxe4 17. Rxe4 Bh3 18. Rfe1 d5 19. cxd5 cxd5 20. Rb4 Qf7 21. Re3 h6 22. Rf3 Qe6 23. Rxf8+ Rxf8 24. Bxh6 b6 25. Qg5 Kh7 26. Bxg7 Kxg7 27. f3 a5 28. Rb3 e4 29. dxe4 dxe4 30. Qe3 exf3 31. Kf2 Qc4 32. Rd3 Qc2+ 33. Rd2 Qb1 34. Qe5+ Rf6 35. Qe7+ Rf7 36. Qe5+ Kh7 37. Qe1 Qxe1+ 38. Kxe1 g5 39. Kf2 gxh4 40. Rd4 hxg3+ 41. hxg3 Bg2 42. b4 Rc7 43. Rd2 axb4 44. axb4 Rc4 45. Rb2 Kg6 46. Ke3 Re4+ 47. Kd3 Kf5 48. Rf2 Rxb4 49. Kc3 Re4 50. Kd3 Re6 51. Rb2 Bf1+ 52. Kd4 Be2 0-1

[Event "Montevideo-ch"]
[Site "Montevideo"]
[Date "2012.11.29"]
[Round "7"]
[White "Bengochea, Ricardo"]
[Black "Solari, Pablo"]
[Result "0-1"]
[WhiteElo "1208"]
[BlackElo "1693"]
[PlyCount "106"]
[EventDate "2012.11.24"]
[EventType "swiss"]
[EventRounds "7"]
[EventCountry "URU"]
[SourceTitle "CBM 151 Extra"]
[Source "ChessBase"]
[SourceDate "2012.12.18"]
[SourceVersion "1"]
[SourceVersionDate "2012.12.18"]
[SourceQuality "1"]

1. e4 e5 2. Nf3 Nc6 3. Bc4 Nf6 4. d3 Bc5 5. 0-0 Na5 6. Nxe5 Nxc4 7. Nxc4 0-0 8. Be3 Bxe3 9. Nxe3 d5 10. c3 dxe4 11. d4 Be6 12. Qc2 Qe7 13. Nd2 Bd7 14. Rfe1 Rfe8 15. b3 Rad8 16. Qb2 c5 17. d5 b5 18. c4 Qd6 19. Ndf1 Ng4 20. Qc2 Qg6 21. a3 Ne5 22. Red1 f5 23. d6 bxc4 24. bxc4 Bc6 25. a4 Nf3+ 26. Kh1 Nd4 27. Qb2 Rxd6 28. a5 f4 29. Nd5 Rxd5 30. cxd5 Bxd5 31. Qc3 e3 32. f3 Bxf3 33. gxf3 Nxf3 34. Qc4+ Kh8 35. Nxe3 fxe3 36. Qd5 Nd2 37. Rg1 Qe4+ 38. Qxe4 Rxe4 39. Rgd1 Kg8 40. Kg2 Kf7 41. a6 Ke6 42. Kg3 g5 43. Ra3 e2 44. Re1 c4 45. Rc3 Kd5 46. Kf2 Kd4 47. Rh3 c3 48. Rxh7 c2 49. Rd7+ Kc3 50. Rb7 Nb3 51. Kf3 Kd2 52. Rxb3 Rf4+ 53. Kg2 Kxe1 0-1

[Event "Montevideo-ch"]
[Site "Montevideo"]
[Date "2012.11.25"]
[Round "3"]
[White "Solari, Pablo"]
[Black "Nakle, Gonzalo"]
[Result "1-0"]
[WhiteElo "1693"]
[BlackElo "1743"]
[PlyCount "163"]
[EventDate "2012.11.24"]
[EventType "swiss"]
[EventRounds "7"]
[EventCountry "URU"]
[SourceTitle "CBM 151 Extra"]
[Source "ChessBase"]
[SourceDate "2012.12.18"]
[SourceVersion "1"]
[SourceVersionDate "2012.12.18"]
[SourceQuality "1"]

1. Nf3 e6 2. c4 Nf6 3. Nc3 c6 4. d4 Bb4 5. Qb3 c5 6. a3 Qa5 7. Rb1 Bxc3+ 8. Qxc3 Qxc3+ 9. bxc3 Nc6 10. e3 0-0 11. Bd3 cxd4 12. cxd4 d5 13. Bd2 dxc4 14. Bxc4 Ne4 15. Bd3 Nxd2 16. Kxd2 Ne7 17. Be4 Rb8 18. Rb3 b6 19. Rhb1 Bb7 20. Bxb7 Rxb7 21. a4 Rc8 22. a5 Nd5 23. g3 Rbc7 24. axb6 axb6 25. R1b2 h6 26. Ne5 f6 27. Nd3 f5 28. Nb4 Nc3 29. f3 Na4 30. Ra2 b5 31. Nd3 Kf8 32. Nf4 Kf7 33. Ne2 Rb8 34. Rxa4 bxa4 35. Rxb8 Rc4 36. Ra8 Rb4 37. Ra7+ Kf6 38. h4 Rb2+ 39. Kd3 Rb3+ 40. Nc3 a3 41. Kc4 Rb2 42. Rxa3 Rg2 43. e4 Rxg3 44. d5 exd5+ 45. exd5 Rxf3 46. Ra6+ Ke7 47. Re6+ Kd7 48. Rg6 Rf4+ 49. Kc5 Rg4 50. Ra6 Rxh4 51. Ra7+ Ke8 52. Rxg7 f4 53. Rg2 Rh3 54. Ne4 Re3 55. Kd4 Re1 56. Rh2 f3 57. Rxh6 Ke7 58. Ke5 f2 59. Rh7+ Kd8 60. Kd6 Rxe4 61. Rf7 Re2 62. Rf8+ Re8 63. Rxf2 Rh8 64. Rf6 Ke8 65. Ke6 Rh2 66. Rf1 Rh6+ 67. Ke5 Rh5+ 68. Kd6 Rh6+ 69. Kc7 Rh7+ 70. Kc6 Rh2 71. Ra1 Rc2+ 72. Kd6 Rc8 73. Ra7 Rd8+ 74. Ke6 Kf8 75. d6 Rb8 76. Rc7 Re8+ 77. Re7 Rd8 78. d7 Ra8 79. Rf7+ Kg8 80. Rf1 Ra6+ 81. Ke7 Ra7 82. Ke8 1-0

[Event "URU-chT"]
[Site "Paysandu"]
[Date "2012.08.04"]
[Round "2.3"]
[White "Solari, Pablo"]
[Black "Michailov, Matias"]
[Result "1/2-1/2"]
[WhiteElo "1659"]
[BlackElo "2138"]
[PlyCount "117"]
[EventDate "2012.08.03"]
[EventType "team-swiss"]
[EventRounds "5"]
[EventCountry "URU"]
[SourceTitle "CBM 149 Extra"]
[Source "ChessBase"]
[SourceDate "2012.08.24"]
[SourceVersion "1"]
[SourceVersionDate "2012.08.24"]
[SourceQuality "1"]

1. Nf3 Nf6 2. b4 g6 3. Bb2 Bg7 4. e3 0-0 5. Be2 d6 6. 0-0 e5 7. d3 a5 8. a3 Na6 9. c3 Bd7 10. Nbd2 Qe7 11. Qc2 d5 12. Rfe1 e4 13. Nd4 Rfe8 14. N2b3 a4 15. Nd2 c5 16. bxc5 Nxc5 17. dxe4 dxe4 18. c4 Rac8 19. Bc3 Ng4 20. h3 Ne5 21. Bb4 f5 22. f4 exf3 23. N4xf3 Nc6 24. Bf1 Nxb4 25. axb4 Nb3 26. Rab1 Qxb4 27. Nxb3 axb3 28. Qxb3 Qxb3 29. Rxb3 Bc6 30. Kf2 Rcd8 31. Rd3 Be4 32. Rxd8 Rxd8 33. Be2 h6 34. Rd1 Rxd1 35. Bxd1 Bc3 36. Nd4 Kf7 37. Bf3 Bxf3 38. Kxf3 Kf6 39. Ne2 Bd2 40. e4 Ke5 41. exf5 gxf5 42. g4 fxg4+ 43. hxg4 Bg5 44. Ng3 Kd4 45. Ne4 Be7 46. Nd2 Kd3 47. Nf1 Kxc4 48. Ne3+ Kc5 49. Nf5 Bg5 50. Ke4 b5 51. Kd3 Kb4 52. Nd4 Bf6 53. Nxb5 Kxb5 54. Ke4 Kc4 55. Ke3 Bg5+ 56. Ke2 Kd4 57. Kf3 Kd3 58. Kf2 Kd2 59. Kf1 1/2-1/2